000 02941nam a22003614a 4500
001 ebr10103520
003 CaPaEBR
006 m u
007 cr cn|||||||||
008 001229s2002 enka sb 001 0 eng
010 _z 00140070
020 _z0195121392 (alk. paper)
040 _aCaPaEBR
_cCaPaEBR
035 _a(OCoLC)559930219
050 1 4 _aHV2437
_b.M27 2002eb
082 0 4 _a371.91/2
_221
100 1 _aMarschark, Marc.
245 1 0 _aEducating deaf students
_h[electronic resource] :
_bfrom research to practice /
_cMarc Marschark, Harry G. Lang, John A. Albertini.
260 _aOxford ;
_aNew York :
_bOxford University Press,
_c2002.
300 _axv, 277 p. :
_bill.
504 _aIncludes bibliographical references (p. [237]-262) and indexes.
505 8 _aMachine generated contents note: 1 Histories of Medical Geography -- CONEVERY BOLTON VALENCIUS -- European National Practices -- 2 The Geographical Imperative in Nineteenth-Century French Medicine -- MICHAEL A OSBORNE -- 3 Differences of Degree: Representations of India in British Medical -- Topography, 1820-c. 1870 -- MARK HARRISON -- 4 The Debate about Acclimatization in the Dutch East Indies, 1840-1860 -- ANNEMARIE DE KNECHT-VAN EEKELEN -- 5 Adolf Mihry (1810-1888): G6ttingen's Humboldtian Medical -- Geographer -- NICOLAAS A RUPKE -- 6 August Hirsch: As Critic of, and Contributor to, Geographical -- Medicine and Medical Geography -- FRANK A BARRETT -- Colonial Discourses -- 7 The Geography of Health and the Making of the American West: -- Arkansas and Missouri, 1800-1860 -- CONEVERY BOLTON VALENCIUS -- 8 Geography, Race and Nation: Remapping "Tropical" Australia, -- 1890-1930 -- WARWICK ANDERSON -- Cartographic Representations -- 9 Humboldtian Representations in Medical Cartography -- NICOLAAS A RUPKE and KAREN E WONDERS -- 10 The first Global Map of the Distribution of Human Diseases: -- Friedrich Schnurrer's 'Charte uber die geographische Ausbreitung der -- Krankheiten', 1827 -- RAINER BROMER -- 11 Heinrich Berghaus's Map of Human Diseases -- JANE R CAMERINI -- Epilogues -- 12 Airs, Waters, Places: Perennial Puzzles of Health and Environment -- ANNE BUTTIMER -- 13 Medical Science before Scientific Medicine: Reflections on the History -- of Medical Geography -- RONALD L NUMBERS -- Index.
533 _aElectronic reproduction.
_bPalo Alto, Calif. :
_cebrary,
_d2013.
_nAvailable via World Wide Web.
_nAccess may be limited to ebrary affiliated libraries.
650 0 _aDeaf
_xEducation.
650 0 _aDeaf children
_xEducation.
650 0 _aDeaf children
_xLanguage.
650 0 _aDeaf children
_xMeans of communication.
655 7 _aElectronic books.
_2local
700 1 _aLang, Harry G.
700 1 _aAlbertini, John A.
_q(John Anthony),
_d1945-
710 2 _aebrary, Inc.
856 4 0 _uhttp://site.ebrary.com/lib/rucke/Doc?id=10103520
_zAn electronic book accessible through the World Wide Web; click to view
999 _c206788
_d206788